Crime et société: introduction à l'étude du phénomène criminal

Saved in:  
Bibliographic Details
Contributors: Dandurand, Yvon (Editor) ; Ribordy, François-X. (Editor)
Format: Print Book
Language:French
Published: Ottawa, Canada Ed. de l'Univ. de Ottawa 1980
In:Year: 1980
Availability in Tübingen:Present in Tübingen.
UB: KB 12 A 862
Check availability: HBZ Gateway
Subito Delivery Service: Order now.

MARC

LEADER 00000cam a22000002c 4500
001 1092431950
003 DE-627
005 20220430122649.0
007 tu
008 901130s1980 xx ||||| 00| ||fre c
035 |a (DE-627)1092431950 
035 |a (DE-576)022431950 
035 |a (DE-599)BSZ022431950 
035 |a (OCoLC)271410330 
035 |a (DE-604)8075636514 
040 |a DE-627  |b ger  |c DE-627  |e rakwb 
041 |a fre 
084 |a MS 6380  |2 rvk  |0 (DE-625)rvk/123753: 
245 0 0 |a Crime et société  |b introduction à l'étude du phénomène criminal  |c [Ed.:] Yvon Dandurand; François-X. Ribordy 
264 1 |a Ottawa, Canada  |b Ed. de l'Univ. de Ottawa  |c 1980 
300 |a 246 S. 
336 |a Text  |b txt  |2 rdacontent 
337 |a ohne Hilfsmittel zu benutzen  |b n  |2 rdamedia 
338 |a Band  |b nc  |2 rdacarrier 
583 1 |a Archivierung prüfen  |c 20200919  |f DE-640  |z 1  |2 pdager 
700 1 |a Dandurand, Yvon  |e Hrsg.  |4 edt 
700 1 |a Ribordy, François-X.  |e Hrsg.  |4 edt 
936 r v |a MS 6380  |b Kriminalität, Gefängnis, Erziehungsheim  |k Soziologie  |k Spezielle Soziologien  |k Soziale Probleme  |k Kriminalität, Gefängnis, Erziehungsheim  |0 (DE-627)1271441438  |0 (DE-625)rvk/123753:  |0 (DE-576)201441438 
951 |a BO 
ELC |b 1 
LOK |0 000 xxxxxcx a22 zn 4500 
LOK |0 001 215521975X 
LOK |0 003 DE-627 
LOK |0 004 1092431950 
LOK |0 005 20020606000000 
LOK |0 008 901130||||||||||||||||ger||||||| 
LOK |0 040   |a DE-21  |c DE-627  |d DE-21 
LOK |0 852   |a DE-21 
LOK |0 852 1  |c KB 12 A 862  |9 00 
LOK |0 935   |a krim 
LOK |0 936ln  |a k1.5 
LOK |0 939   |a 30-11-90  |b l01 
ORI |a SA-MARC-krimdoka001.raw 
SIG |a UB: KB 12 A 862